Justicia política (Registro nro. 5647)

Detalles MARC
000 -LEADER
fixed length control field 01269 a2200217 4500
001 - CONTROL NUMBER
control field 54567
005 - DATE AND TIME OF LATEST TRANSACTION
control field 20260407155819.0
008 - FIXED-LENGTH DATA ELEMENTS--GENERAL INFORMATION
fixed length control field 260407a1968 arg spa d
003 - CONTROL NUMBER IDENTIFIER
control field AR-UNSa-BCEJYS
040 ## - CATALOGING SOURCE
Original cataloging agency AR-UNSa-BCEJYS
Language of cataloging spa
Transcribing agency AR-UNSa-BCEJYS
080 ## - UNIVERSAL DECIMAL CLASSIFICATION NUMBER
Universal Decimal Classification number 323.28
Common auxiliary subdivision Persecución política. Terrorismo
041 ## - LANGUAGE CODE
Language code of text/sound track or separate title spa
100 1# - MAIN ENTRY--PERSONAL NAME
Personal name Kirchheimer, Otto
245 10 - TITLE STATEMENT
Title Justicia política
Name of part/section of a work empleo del procedimiento legal para fines políticos
264 #1 - PRODUCTION, PUBLICATION, DISTRIBUTION, MANUFACTURE, AND COPYRIGHT NOTICE
Place of production, publication, distribution, manufacture México :
Name of producer, publisher, distributor, manufacturer Unión Tipográfica Editorial Hispano-Americana (UTEHA)
Date of production, publication, distribution, manufacture, or copyright notice 1968
300 ## - PHYSICAL DESCRIPTION
Extent xiii, 501 p.
Dimensions 23 cm.
505 ## - FORMATTED CONTENTS NOTE
Formatted contents note I. Introducción - Primera parte: Justicia política: Casos,causas,métodos - II. Mutaciones en la estructura de la protección del Estado - III. El juicio político - IV. Represión legal de organizaciones políticas - Segunda parte: El juez,el acusado y el Estado - V. Condiciones de la acción judicial - VI. El reo,su defensor y el tribunal - VII. "Centralismo democrático" e integración política del poder judicial - VIII. Juicio por mandato del régimen sucesor - Tercera parte: Justicia política modificada: Asilo y clemencia - IX. Asilo - X. Cualidad de la misericordia - XI. Resumen
590 ## - LOCAL NOTE (RLIN)
Local note niveau_biblio:m niveau_hierar:0
700 1# - ADDED ENTRY--PERSONAL NAME
Personal name Quijano, R.
942 ## - ADDED ENTRY ELEMENTS (KOHA)
Koha item type
Existencias
Withdrawn status Lost status Damaged status Not for loan Home library Current library Shelving location Date acquired Total checkouts Full call number Barcode Date last seen Price effective from Koha item type
        Biblioteca Prof. Eusebio Cleto del Rey Biblioteca Prof. Eusebio Cleto del Rey   07/04/2026   323.28 K58 L22018 07/04/2026 07/04/2026 Libro